| 000 | 00397nam a2200133Ia 4500 | ||
|---|---|---|---|
| 008 | 220217s9999||||xx |||||||||||||| ||und|| | ||
| 020 | _a9971-51-394-3 | ||
| 082 | _a005.13 BON | ||
| 100 |
_aBondy, Richard _93557 |
||
| 245 | 0 | _aCryptography for visual basic: aprogrammers guide to the mic | |
| 260 |
_aJohn wiley and sons _bNew York _c2002 |
||
| 300 | _b432 | ||
| 650 | _aPROGRAMMING LANGUAGE | ||
| 999 |
_c172179 _d172179 |
||